Państwa z Flagą Mającą Kolor Niebieski- Nagła Śmierć - Statystyki

Ogólne statystyki
  • Ten quiz został rozwiązany 147 razy
  • Średni wynik to 8 z 11
Answers on the Grid
Answers color-coded by a green-red scale on the quiz's grid according to % correct below.
Kosowo
Watykan
Dania
Islandia
Bośnia i Hercegowina
Białoruś
Estonia
Norwegia
Włochy
Litwa
Rosja
Rumunia
Szwecja
Słowenia
Macedonia Północna
Czechy
Belgia
Bułgaria
Szkocja
Anglia
 
Statystyki odpowiedzi
Odpowiedź % Poprawnych
Rosja
88%
Czechy
82%
Szwecja
81%
Estonia
79%
Islandia
77%
Słowenia
77%
Bośnia i Hercegowina
75%
Norwegia
75%
Szkocja
75%
Kosowo
74%
Rumunia
53%
Nie znaleziono quizów pasujących do podanych kryteriów
Rozkład punktacji
Procent ludzi z każdym wynikiem
Percentyl według liczby udzielonych odpowiedzi
Twoja historia wyników
Nie rozwiązałeś tego quizu